00933cam a22002894a 45000010005000000030006000050050017000110080041000280100017000690200027000860400023001130420014001360500025001500820016001751000020001912450032002112600047002433000052002904900021003425040049003635050007004125200135004195210028005545210018005826500032006006500011006323949FISKH20250828130906.0020624s2003 mnua b b 001 0 eng  a 2002009936 a0756504368 (hardcover) aDLCcDLCdDLCbeng apccalcac00aQL668.E2bH4125 200300a597.8/92211 aHeinrichs, Ann.10a Frogs /cby Ann Heinrichs. aMinneapolis :bCompass Point Books,c2003. a32 pages :bcolor illusstrations ;c24 x 29 cm.1 aNature's friends aIncludes bibliographical references (p. 31). aG  aIntroduces the physical characteristics, methods of movement, habitats, feeding habits, life cycles, and different types of frogs.8 a400 bLexile estimate 8 aG bRaz-Plus  0aFrogsvJuvenile literature. 1aFrogs.